000 00652nam a22002177a 4500
003 UA-OsUOA
001 61635
007 ta
008 20090708b un ||||| |||| 00| 0 ukr d
100 _aПодоляка Т.А.
090 _a94(477)
_bП44
942 _cSA
040 _aUA-OsUOA
_bukr
_cUA-OsUOA
_dUA-OsUOA
245 _aДіяльність Зенонв Кузеля в Українському Науковому Інституті в Берліні (1926-1945 рр.)
300 _aС.33-38
955 _a0
041 _aukr
080 _a94(477)
773 0 _w61633
650 7 _a9 Географія. Біографії. Історія
_2UDC
999 _c347317
_d347317